Представление документа в формате MARC21

Поле Инд. ПП Название Значение
Тип записи a
Библиографический уровень a
001 Контрольный номер 390d5c6aba234171916a2edf6926f790
005 Дата корректировки 20180409143653.1
020 a ISBN 978-5-7609-0971-8
040 a Служба первич. каталог. НБ ТвГУ
b Код языка каталог. rus
e Правила каталог. PSBO
041 0_ a Код языка текста rus
097 b Оператор batjaeva_g
098 b Факультет Физико-технический
c Кафедра теоретической физики
245 10 a Заглавие [C60]-фуллерен. Подсчет и систематизация изомеров замещения по вершинам, реберам и граням
260 a Место издания Тверь
b Издательство Тверской государственный университет
504 a Библиография Библиогр.: с. 377-378 (22 назв.)
520 0_ a Аннотация В работе обсуждаются изомеры замещения по вершинам, ребрам и граням фуллерена. Дан вывод изомеров на основе теоремы Пойа. Установлены формулы симметрии, производящие функции для определения числа хиральных и ахиральных изомеров замещения, распределения изомеров по семействам и в зависимости от числа мест замещения. По аддитивной схеме проведен расчет термодинамических свойств газообразных фуллеренов.
653 0_ a Ключевые слова Фуллерены
a Ключевые слова Подсчет и систематизация изомеров замещения
a Ключевые слова Элементы и операции симметрии
a Ключевые слова Производящие функции
a Ключевые слова Хиральность
a Ключевые слова Ахиральность
a Ключевые слова Труды Тверского государственного университета
700 12 a Другие авторы Смоляков Владимир Михайлович
q Полное имя Смоляков В. М.
700 12 a Другие авторы Соколов Дмитрий Викторович
q Полное имя Соколов Д. В.
700 12 a Другие авторы Нилов Дмитрий Юрьевич
q Полное имя Нилов Д. Ю.
700 12 a Другие авторы Гребешков Вадим Вячеславович
q Полное имя Гребешков В. В.
773 18 w Контрольный № источника 9994464931ab44c0bbc2935be4440591
t Название источника Физико-химические аспекты изучения кластеров, наноструктур и наноматериалов
d Место и дата издания Тверь : Тверской государственный университет, 2014
g Прочая информация Вып. 6. - С. 370-378
856 40 u URL http://texts.lib.tversu.ru/texts/11576t.pdf
x Примечание для ЭОР Справка УИС 2016
i Дата подключения ЭОР 20170414
x Примечание для ЭОР Реестр суммарного учета сетевых локальных документов
900 a Имя макрообъекта 11576t
901 t Тип документа a
920 a Оператор Батя